| 000 | 00365nam a22001457a 4500 | ||
|---|---|---|---|
| 003 | OSt | ||
| 005 | 20160727222344.0 | ||
| 008 | 160621b xxu||||| |||| 00| 0 eng d | ||
| 040 | _cTEST | ||
| 100 |
_9206 _aCaudill, R |
||
| 245 |
_aThe best loved doll _bThe best loved doll |
||
| 260 |
_aCanada _b Winston.Ltd. _c1962 |
||
| 300 | _aThe best loved doll | ||
| 942 |
_2ddc _cBK |
||
| 999 |
_c163 _d163 |
||